[Event "FRA-ch Blitz Online Qual"]
[Site "Europe Echecs INT"]
[Date "2020.05.16"]
[Round "1"]
[White "Fardet, Elouan"]
[Black "Lovichi, Raphael"]
[Result "1-0"]
[WhiteElo "2163"]
[BlackElo "1406"]
[PlyCount "81"]
[EventDate "2020.05.16"]
[EventType "swiss (blitz)"]
[EventRounds "15"]
[EventCountry "FRA"]
[SourceTitle "CBM 196 Extra"]
[Source "ChessBase"]
[SourceDate "2020.07.31"]
[SourceVersion "1"]
[SourceVersionDate "2020.07.31"]
[SourceQuality "1"]

1. e4 c5 2. Nf3 e6 3. d4 cxd4 4. Nxd4 Nf6 5. Nc3 Nc6 6. Ndb5 Bb4 7. a3 Bxc3+ 8. Nxc3 0-0 9. Qd6 Qe7 10. Qxe7 Nxe7 11. Bf4 d5 12. exd5 Nexd5 13. Nxd5 Nxd5 14. Be5 Bd7 15. c4 Ne7 16. 0-0-0 Nc6 17. Rxd7 Nxe5 18. Rxb7 Rfb8 19. Rxb8+ Rxb8 20. Be2 Rc8 21. b3 Rb8 22. Kc2 Nc6 23. Rd1 Rd8 24. Rxd8+ Nxd8 25. Bf3 Kf8 26. b4 Ke7 27. a4 Kd6 28. Kd3 e5 29. c5+ Kc7 30. b5 f5 31. Bd5 h6 32. a5 Kc8 33. b6 axb6 34. cxb6 Nb7 35. Bxb7+ Kxb7 36. Kc4 Kc6 37. f3 g5 38. g3 h5 39. h3 h4 40. g4 fxg4 41. fxg4 1-0

[Event "FRA-ch Blitz Online Qual"]
[Site "Europe Echecs INT"]
[Date "2020.05.16"]
[Round "13"]
[White "Genot, Jean Paul"]
[Black "Lovichi, Raphael"]
[Result "0-1"]
[WhiteElo "1673"]
[BlackElo "1406"]
[PlyCount "72"]
[EventDate "2020.05.16"]
[EventType "swiss (blitz)"]
[EventRounds "15"]
[EventCountry "FRA"]
[SourceTitle "CBM 196 Extra"]
[Source "ChessBase"]
[SourceDate "2020.07.31"]
[SourceVersion "1"]
[SourceVersionDate "2020.07.31"]
[SourceQuality "1"]

1. e4 c5 2. Nc3 e6 3. f4 d5 4. exd5 exd5 5. Bb5+ Nc6 6. d4 cxd4 7. Qxd4 Nf6 8. Nf3 Be7 9. 0-0 a6 10. Bxc6+ bxc6 11. Re1 0-0 12. Kh1 Bf5 13. Nh4 Bxc2 14. Nf3 Be4 15. Nxe4 Nxe4 16. Be3 Bf6 17. Qb4 Rb8 18. Qa4 Bxb2 19. Rab1 Nc3 20. Qxc6 Nxb1 21. Rxb1 Qa5 22. Bd2 Qxa2 23. Qc2 Rfc8 24. Qd3 Qa3 25. Qxa3 Bxa3 26. Rxb8 Rxb8 27. h3 Rb1+ 28. Kh2 Bd6 29. Kg3 Rb2 30. Bc3 Ra2 31. Nd4 a5 32. Kg4 Bb4 33. Nb5 Bxc3 34. Nxc3 Rd2 35. Kf3 Rd3+ 36. Ke2 Rxc3 0-1

[Event "FRA-ch Blitz Online Qual"]
[Site "Europe Echecs INT"]
[Date "2020.05.16"]
[Round "4"]
[White "Lovichi, Raphael"]
[Black "Dubois, Herve"]
[Result "0-1"]
[WhiteElo "1406"]
[BlackElo "1836"]
[PlyCount "70"]
[EventDate "2020.05.16"]
[EventType "swiss (blitz)"]
[EventRounds "15"]
[EventCountry "FRA"]
[SourceTitle "CBM 196 Extra"]
[Source "ChessBase"]
[SourceDate "2020.07.31"]
[SourceVersion "1"]
[SourceVersionDate "2020.07.31"]
[SourceQuality "1"]

1. e4 c5 2. d4 cxd4 3. c3 d3 4. Bxd3 d6 5. Nf3 Nc6 6. 0-0 Nf6 7. Bf4 e5 8. Be3 Be7 9. c4 0-0 10. Nc3 a6 11. Nd5 Bg4 12. Bb6 Qd7 13. h3 Bxf3 14. Qxf3 Nxd5 15. cxd5 Nd4 16. Bxd4 exd4 17. Rac1 Rac8 18. Qe2 Bf6 19. f4 Rfe8 20. Qd2 Qa4 21. a3 h6 22. Rxc8 Rxc8 23. Rc1 Qd7 24. Rxc8+ Qxc8 25. Qc2 Qd7 26. Qc4 g5 27. fxg5 hxg5 28. Bc2 g4 29. Ba4 Qe7 30. Qc8+ Kg7 31. Qxg4+ Kf8 32. Bc2 Qe5 33. Qc8+ Kg7 34. Qg4+ Kh7 35. Qf5+ Kh6 0-1

[Event "FRA-ch Blitz Online Qual"]
[Site "Europe Echecs INT"]
[Date "2020.05.16"]
[Round "7"]
[White "Lovichi, Raphael"]
[Black "Gratton, Alexandre"]
[Result "0-1"]
[WhiteElo "1406"]
[BlackElo "1792"]
[PlyCount "162"]
[EventDate "2020.05.16"]
[EventType "swiss (blitz)"]
[EventRounds "15"]
[EventCountry "FRA"]
[SourceTitle "CBM 196 Extra"]
[Source "ChessBase"]
[SourceDate "2020.07.31"]
[SourceVersion "1"]
[SourceVersionDate "2020.07.31"]
[SourceQuality "1"]

1. e4 c6 2. Nc3 d5 3. Nf3 Nf6 4. exd5 cxd5 5. d4 Nc6 6. Be3 Bg4 7. Be2 e6 8. h3 Bh5 9. 0-0 Be7 10. Nd2 Bg6 11. Nf3 Rc8 12. Qd2 0-0 13. Bd3 Bb4 14. Bxg6 hxg6 15. a3 Ne4 16. Qe1 Bxc3 17. bxc3 Ne7 18. Bd2 Qc7 19. Ng5 Nxd2 20. Qxd2 Qxc3 21. Qxc3 Rxc3 22. Rfb1 b6 23. Rb2 Rfc8 24. Raa2 Nf5 25. Nf3 R8c4 26. a4 Nxd4 27. Nxd4 Rxd4 28. a5 Rd1+ 29. Kh2 Rd2 30. axb6 axb6 31. Rxb6 Rxf2 32. Ra4 Rfxc2 33. Ra8+ Rc8 34. Ra7 R2c7 35. Ra4 Kf8 36. Rh4 Ke7 37. Rh7 Kf6 38. Rh4 g5 39. Rg4 Rc4 40. Rg3 Rc3 41. Rg4 R8c4 42. Rxc4 Rxc4 43. Kg3 Rf4 44. Rb3 d4 45. Rd3 e5 46. Kh2 Ke6 47. Kg3 Kd5 48. Ra3 Ke4 49. Ra4 Rf1 50. Kg4 Rg1 51. Kg3 f5 52. Kf2 Rc1 53. Ra2 d3 54. Ra4+ Kd5 55. Ra3 e4 56. Ra5+ Rc5 57. Ra2 f4 58. Ra1 Rc2+ 59. Kf1 Kd4 60. Ra7 Ke3 61. Ra1 d2 62. Ra3+ Kd4 63. Ke2 e3 64. Ra4+ Rc4 65. Ra7 Rc1 66. Rd7+ Ke5 67. Rd8 Re1+ 68. Kf3 d1Q+ 69. Rxd1 Rxd1 70. Ke2 Rd2+ 71. Kf3 Rf2+ 72. Kg4 e2 73. Kh5 e1Q 74. Kg6 Qe4+ 75. Kh5 Qxg2 76. Kg6 Qxh3 77. Kf7 Qh5+ 78. Kg8 Rd2 79. Kf8 Rd7 80. Kg8 g6 81. Kf8 Qh8# 0-1

[Event "FRA-ch Blitz Online Qual"]
[Site "Europe Echecs INT"]
[Date "2020.05.16"]
[Round "14"]
[White "Rouast, Joseph"]
[Black "Lovichi, Raphael"]
[Result "1-0"]
[WhiteElo "1808"]
[BlackElo "1406"]
[PlyCount "51"]
[EventDate "2020.05.16"]
[EventType "swiss (blitz)"]
[EventRounds "15"]
[EventCountry "FRA"]
[SourceTitle "CBM 196 Extra"]
[Source "ChessBase"]
[SourceDate "2020.07.31"]
[SourceVersion "1"]
[SourceVersionDate "2020.07.31"]
[SourceQuality "1"]

1. d4 Nf6 2. c4 e6 3. Nf3 Bb4+ 4. Bd2 Qe7 5. g3 d6 6. Bg2 Nbd7 7. Bxb4 0-0 8. 0-0 a5 9. Bc3 Nb6 10. Nbd2 d5 11. cxd5 Nbxd5 12. e4 Nxc3 13. bxc3 c6 14. Qc2 b6 15. Rab1 b5 16. e5 Nd5 17. Ne4 Bd7 18. Nfg5 h6 19. Nf6+ Nxf6 20. exf6 hxg5 21. fxe7 Rfe8 22. c4 Rxe7 23. cxb5 Rc8 24. bxc6 Bxc6 25. Bxc6 Rec7 26. Rb6 1-0

[Event "Balagna rapid op 16th"]
[Site "Balagna"]
[Date "2019.05.18"]
[Round "1"]
[White "Howell, David"]
[Black "Lovichi, Raphael"]
[Result "1-0"]
[WhiteElo "2698"]
[BlackElo "1400"]
[PlyCount "53"]
[EventDate "2019.05.18"]
[EventType "swiss (rapid)"]
[EventRounds "9"]
[EventCountry "FRA"]
[SourceTitle "CBM 190 Extra"]
[Source "ChessBase"]
[SourceDate "2019.07.15"]
[SourceVersion "1"]
[SourceVersionDate "2019.07.15"]
[SourceQuality "1"]

1. c3 c5 2. f4 d5 3. d3 Nc6 4. Nf3 Nf6 5. g3 e6 6. Bg2 Be7 7. 0-0 0-0 8. Na3 a6 9. Qe1 Qc7 10. e4 dxe4 11. dxe4 b5 12. e5 Nd5 13. c4 bxc4 14. Nxc4 Ncb4 15. Qe2 Bb7 16. Bd2 Rfd8 17. a3 Nc6 18. Rac1 Rac8 19. Rfd1 Qb8 20. Be1 Nd4 21. Nxd4 cxd4 22. Bf2 d3 23. Rxd3 Nc7 24. Nb6 Rxd3 25. Nxc8 Rd8 26. Nxe7+ Kf8 27. Bc5 1-0